000
00263nam a22001217a 4500
008
170804b xxu||||| |||| 00| 0 eng d
041
_a
eng
080
_2
2ND
_a
004
100
_a
33
101
_a
SHK
245
_a
DATABASE PROCESSING
_c
KROENKE,D
942
_2
udc
_c
BK
999
_c
22705
_d
22705